000 00359nam a22001577a 4500
003 SGT
020 _a9788131240335
082 _a611.0183
_bO17K
100 _aG. S. Kumar
245 _aOrbans Oral Histology & Embryology
250 _a14TH
260 _aNEW DELHI
_bElsevier India
_c2017
300 _a380
650 _aOral Histology
942 _2ddc
_cBK
_012
999 _c15568
_d15568